[Event "51st World Juniors"]
[Site "Athens GRE"]
[Date "2012.08.12"]
[Round "10.22"]
[White "Gao, Rui"]
[Black "Kigel, Dmytro"]
[Result "1-0"]
[WhiteTitle "IM"]
[BlackTitle "FM"]
[WhiteElo "2442"]
[BlackElo "2276"]
[WhiteFideId "8602387"]
[BlackFideId "14117932"]
[EventDate "2012.08.02"]

1. e4 e5 2. Nf3 Nc6 3. Bb5 a6 4. Ba4 Nf6 5. O-O Be7 6. Re1 b5 7. Bb3 d6 8. c3
O-O 9. h3 Nb8 10. d4 Nbd7 11. Nbd2 Bb7 12. Bc2 Re8 13. Nf1 Bf8 14. Bg5 h6 15.
Bh4 exd4 16. cxd4 g5 17. Nxg5 hxg5 18. Bxg5 Bg7 19. Ng3 Nf8 20. Nf5 N8h7 21. Bh4
Qd7 22. Nxg7 Kxg7 23. e5 Ng8 24. Qh5 Nf8 25. Bf6+ Nxf6 26. Qg5+ Ng6 27. exf6+
Kh7 28. Qh5+ Kg8 29. Qh6 1-0

[Event "51st World Juniors"]
[Site "Athens GRE"]
[Date "2012.08.12"]
[Round "10.23"]
[White "Firat, Burak"]
[Black "Aravindh, Chithambaram VR."]
[Result "0-1"]
[WhiteTitle "IM"]
[BlackTitle "FM"]
[WhiteElo "2423"]
[BlackElo "2240"]
[WhiteFideId "6305881"]
[BlackFideId "5072786"]
[EventDate "2012.08.02"]

1. e4 c5 2. Nf3 Nc6 3. Nc3 d6 4. d4 cxd4 5. Nxd4 Nf6 6. Bc4 e6 7. Be3 Be7 8. Qe2
O-O 9. O-O-O Qc7 10. Bb3 a6 11. Rhg1 b5 12. g4 b4 13. g5 bxc3 14. gxf6 Bxf6 15.
Nxc6 g6 16. Bh6 Qxc6 17. Bxf8 Kxf8 18. bxc3 Qxc3 19. Qd3 Qb2+ 20. Kd2 Bb7 21. f4
Qa3 22. Ke2 Rd8 23. Rg3 Qc5 24. h3 Bh4 25. Rf3 Bf6 26. Re3 Qh5+ 27. Kd2 d5 28.
e5 d4 29. Rg3 Bh4 30. Rg4 Bf2 31. Kc1 Be3+ 32. Kb1 Bf3 33. Re1 Bxg4 34. hxg4
Qxg4 35. Qxa6 h5 36. Qa3+ Kg8 37. Qe7 Rb8 38. Qd6 Rf8 39. a4 Qg2 40. Bc4 h4 41.
Bb5 Rc8 42. Re2 h3 43. Kb2 Qg1 0-1

[Event "51st World Juniors"]
[Site "Athens GRE"]
[Date "2012.08.12"]
[Round "10.24"]
[White "Kilpatrick, Callum"]
[Black "Griffiths, Ryan Rhys"]
[Result "1-0"]
[WhiteTitle "FM"]
[BlackTitle "FM"]
[WhiteElo "2326"]
[BlackElo "2362"]
[WhiteFideId "414425"]
[BlackFideId "2502054"]
[EventDate "2012.08.02"]

1. e4 e5 2. Nf3 Nc6 3. Bb5 a6 4. Ba4 d6 5. c3 f5 6. d3 fxe4 7. dxe4 Nf6 8. O-O
Bg4 9. Qd3 Qd7 10. Nbd2 Be7 11. h3 Bh5 12. Re1 g5 13. Nh2 Bg6 14. c4 Nh5 15. c5
Nf4 16. Qb3 O-O-O 17. Nc4 Ne6 18. Bxc6 Qxc6 19. Na5 Qxc5 20. Qxe6+ Rd7 21. Qd5
Qb6 22. Nc4 Qb4 23. Bd2 Qb5 24. a4 Qxd5 25. exd5 Rf8 26. Rac1 Kb8 27. Nf3 h6 28.
Ncxe5 1-0

[Event "51st World Juniors"]
[Site "Athens GRE"]
[Date "2012.08.12"]
[Round "10.25"]
[White "Stanciu, Alexandru-Ovidiu"]
[Black "Kourkoulos-Arditis, Stamatis"]
[Result "1/2-1/2"]
[WhiteElo "2342"]
[BlackElo "2109"]
[WhiteFideId "1217674"]
[BlackFideId "4221990"]
[EventDate "2012.08.02"]

1. e4 c5 2. Nf3 e6 3. d4 cxd4 4. Nxd4 Nf6 5. Nc3 d6 6. Be3 Be7 7. g4 h6 8. Qe2
Nc6 9. O-O-O a6 10. Rg1 Nxd4 11. Bxd4 Qa5 12. Kb1 e5 13. Be3 Be6 14. Bd2 Qc5 15.
h4 Rc8 16. g5 hxg5 17. hxg5 Nd7 18. Be3 Qc7 19. f4 exf4 20. Bxf4 Nb6 21. Qf2 Nc4
22. Bxc4 Qxc4 23. Bxd6 Bxd6 24. Rxd6 Rh3 25. Rd4 Qc5 26. Nd5 Rh4 27. Rgd1 Rxe4
28. b4 Rxd4 29. Rxd4 Qc6 30. Qd2 Bf5 31. Ne3 Bg6 32. Kb2 Qc7 33. c3 Kf8 34. Rd7
Qe5 35. Nc4 Qe6 36. Qd6+ Qxd6 37. Nxd6 Rc6 38. c4 b6 39. Kc3 f6 40. Kd4 Be8 41.
Nxe8 Kxe8 42. Ra7 fxg5 43. Rxa6 g4 44. Ra3 Rf6 45. Ke4 g5 46. c5 Rf4+ 47. Kd5
Rxb4 48. c6 Kd8 49. Ra8+ Kc7 50. Ra7+ Kc8 51. Ra8+ Kc7 52. Ra7+ Kc8 53. Rg7 Rb2
54. a4 Rd2+ 55. Ke4 g3 56. Rxg5 Kc7 1/2-1/2

[Event "51st World Juniors"]
[Site "Athens GRE"]
[Date "2012.08.12"]
[Round "10.26"]
[White "Rombaldoni, Axel"]
[Black "Stathopoulos, Ioannis"]
[Result "1-0"]
[WhiteTitle "IM"]
[WhiteElo "2494"]
[BlackElo "2216"]
[WhiteFideId "815837"]
[BlackFideId "4223098"]
[EventDate "2012.08.02"]

1. e4 c5 2. Nf3 d6 3. d4 cxd4 4. Qxd4 Nc6 5. Qe3 g6 6. h3 Bg7 7. Be2 Nf6 8. O-O
O-O 9. Rd1 Nd7 10. Nc3 Nc5 11. Rb1 a5 12. a3 a4 13. b4 axb3 14. cxb3 f5 15. b4
f4 16. Qd2 Ne6 17. Bb2 Ne5 18. Nxe5 Bxe5 19. Nb5 Bxb2 20. Rxb2 f3 21. Bxf3 Rxf3
22. gxf3 Qf8 23. Qd5 Kh8 24. Nxd6 exd6 25. Qxd6 Qxd6 26. Rxd6 Kg7 27. Rc2 Kf7
28. a4 Ke7 29. Rb6 Ng5 30. Kg2 Bxh3+ 31. Kg3 Bc8 32. a5 Ne6 33. f4 Nf8 34. f3
Nd7 35. Rb5 Rb8 36. e5 b6 37. Rc7 Kd8 38. axb6 Nxb6 39. Rxh7 Bd7 40. Rh8+ Kc7
41. Rc5+ Kb7 42. Rh7 Rd8 1-0

[Event "51st World Juniors"]
[Site "Athens GRE"]
[Date "2012.08.12"]
[Round "10.27"]
[White "Mihok, Oliver"]
[Black "Brown, Andrew"]
[Result "1-0"]
[WhiteTitle "IM"]
[BlackTitle "IM"]
[WhiteElo "2456"]
[BlackElo "2296"]
[WhiteFideId "728012"]
[BlackFideId "3206513"]
[EventDate "2012.08.02"]

1. e4 c5 2. Nf3 Nc6 3. Nc3 g6 4. d4 cxd4 5. Nxd4 Bg7 6. Be3 Nf6 7. Bc4 O-O 8.
Bb3 a5 9. O-O a4 10. Nxa4 Nxe4 11. c4 Nd6 12. c5 Nxd4 13. Bxd4 e5 14. Bc3 Nb5
15. Bb4 Qh4 16. a3 Nd4 17. Nb6 Rb8 18. Bd5 Nc6 19. Bc3 d6 20. cxd6 Bg4 21. f3
Bf5 22. g4 Qd8 23. Nc4 b5 24. gxf5 bxc4 25. fxg6 hxg6 26. Bxc4 Nd4 27. Kh1 Nf5
28. Qd3 Qh4 29. Rg1 Qh5 30. d7 Rfd8 31. Qd5 Kh7 32. Rae1 Rb6 33. Bxe5 Bxe5 34.
Rxe5 Rf6 35. Be2 Qh3 36. Bf1 Qh5 37. Be2 Qh3 38. Bf1 Qh5 39. Rg4 Kg7 40. Kg1 Rh8
41. h3 Rd8 42. a4 Kh7 43. Re8 Rxd7 44. Qxd7 Nd6 45. Re1 Qc5+ 46. Kh1 Qf2 47. Qe7
Nf5 48. Qxf6 Qxf3+ 49. Kg1 1-0

[Event "51st World Juniors"]
[Site "Athens GRE"]
[Date "2012.08.12"]
[Round "10.28"]
[White "Zhou, Yang-Fan"]
[Black "Torres, Juan Camilo"]
[Result "1-0"]
[WhiteTitle "IM"]
[WhiteElo "2430"]
[BlackElo "2291"]
[WhiteFideId "468584"]
[BlackFideId "4405790"]
[EventDate "2012.08.02"]

1. e4 c5 2. Nf3 e6 3. Nc3 a6 4. d4 cxd4 5. Nxd4 b5 6. Bd3 d6 7. a4 b4 8. Na2 e5
9. Nf5 Bxf5 10. exf5 d5 11. O-O Nf6 12. Bg5 Nbd7 13. Qe2 Qb6 14. c4 bxc3 15.
Nxc3 Bd6 16. a5 Qb7 17. Rfd1 O-O 18. Bb1 Bc5 19. Nxd5 Nxd5 20. Be4 Bd4 21. Qf3
Qxb2 22. Bxd5 Rac8 23. Rab1 Qc3 24. Bb7 Qxf3 25. gxf3 Rc2 26. Bxa6 Nc5 27. Bb5
Bxf2+ 28. Kf1 h6 29. Rd2 Rxd2 30. Bxd2 Bd4 31. Ke2 Ra8 32. Bb4 g6 33. fxg6 fxg6
34. Rc1 Rb8 35. Bxc5 Rxb5 36. Bxd4 exd4 37. Ra1 Re5+ 38. Kd3 Re3+ 39. Kxd4 Rxf3
40. a6 Rf8 41. a7 Ra8 42. Kd5 g5 43. Kc6 1-0

[Event "51st World Juniors"]
[Site "Athens GRE"]
[Date "2012.08.12"]
[Round "10.29"]
[White "Galopoulos, Nikolaos"]
[Black "Minko, Vladimir"]
[Result "1/2-1/2"]
[WhiteElo "2402"]
[BlackElo "2257"]
[WhiteFideId "4208951"]
[BlackFideId "24146706"]
[EventDate "2012.08.02"]

1. d4 Nf6 2. c4 c5 3. Nf3 cxd4 4. Nxd4 e5 5. Nb5 d5 6. cxd5 Bc5 7. N5c3 O-O 8.
g3 Ng4 9. e3 f5 10. Be2 Nf6 11. O-O Nbd7 12. a3 Nb6 13. b4 Bd6 14. Nd2 Bd7 15.
Bb2 a6 16. Qb3 Qe7 17. a4 Kh8 18. a5 Nc8 19. Nc4 f4 20. e4 Bh3 21. Ba3 Bxf1 22.
Rxf1 g5 23. f3 fxg3 24. hxg3 Rg8 25. Ne3 Nh5 26. Nf5 Qf6 27. Kf2 Ng7 28. g4 Ne7
29. Rh1 Ng6 30. Rh6 Qf8 31. Nxd6 Qxd6 32. b5 Qd7 33. bxa6 bxa6 34. Qb6 Qf7 35.
Bd6 Qf4 36. Qe3 Qf6 37. Bc5 Ne8 38. Na4 Nc7 39. Nb6 Rad8 40. Nc4 Kg7 41. Rh1
Rge8 42. Bb6 Rd7 43. Qc5 Nb5 44. Qc6 Qxc6 45. dxc6 Rf7 46. Ne3 Nh4 47. Nf5+ Nxf5
48. exf5 Nd4 49. Bc4 Rf6 50. c7 Rc6 51. Bxa6 Rc2+ 52. Kg3 Ra8 53. Bxd4 Rxa6 54.
Bxe5+ Kg8 55. Rd1 Rxa5 56. Rd8+ Kf7 57. Bd6 Ra1 58. Bc5 Rxc5 59. c8=Q Rxc8 60.
Rxc8 Ra7 61. Rc3 h5 62. Rc6 h4+ 63. Kf2 Ra2+ 64. Ke3 Ra3+ 65. Ke4 Ra4+ 66. Ke5
Ra5+ 67. Kd6 Ra3 68. f4 Rd3+ 69. Ke5 Re3+ 70. Kd4 gxf4 71. Rh6 h3 72. g5 Rg3 73.
Rh7+ Kg8 74. g6 f3 75. Ke3 f2+ 76. Kxf2 Rg5 77. Rf7 h2 78. Rh7 1/2-1/2

[Event "51st World Juniors"]
[Site "Athens GRE"]
[Date "2012.08.12"]
[Round "10.30"]
[White "Anwesh, Upadhyaya"]
[Black "Leiva, Giuseppe"]
[Result "1-0"]
[WhiteTitle "IM"]
[BlackTitle "FM"]
[WhiteElo "2374"]
[BlackElo "2283"]
[WhiteFideId "5028949"]
[BlackFideId "3804399"]
[EventDate "2012.08.02"]

1. e4 c5 2. Nf3 d6 3. d4 cxd4 4. Nxd4 Nf6 5. Nc3 a6 6. Be3 e5 7. Nb3 Be7 8. Qd2
Be6 9. O-O-O Ng4 10. g3 Nd7 11. f4 Nxe3 12. Qxe3 Nb6 13. Kb1 Qc7 14. f5 Bd7 15.
g4 h6 16. h4 O-O-O 17. Rh3 Kb8 18. Qf2 Rc8 19. Na5 Qc5 20. Qxc5 Rxc5 21. Nb3 Rc7
22. Be2 Rhc8 23. Nc1 Be8 24. a3 f6 25. N1a2 Bf7 26. Nb4 Rd7 27. Rhd3 Ka7 28. b3
Rdc7 29. Kb2 Rc5 30. Bf3 R5c7 31. R1d2 Bc4 32. bxc4 Nxc4+ 33. Kc1 Nxd2 34. Kxd2
Rc5 35. Bd1 b5 36. Ne2 a5 37. Nd5 Bd8 38. c3 Rc4 39. Ng3 a4 40. Ne3 R4c6 41. Nh5
Bb6 42. Nxg7 Bc5 43. Nc2 Rg8 44. Nh5 Rf8 45. Be2 Kb6 46. Rd5 Rf7 47. Nb4 Rc8 48.
Kc2 Rg8 49. Kb2 Rd8 50. Nd3 Be3 51. Nb4 Bc5 52. Rd1 Rdf8 53. Nd5+ Ka7 54. Bxb5
Rb8 55. c4 Bd4+ 56. Kc2 Bc5 57. Ndxf6 Bxa3 58. Ra1 Bc5 59. Rxa4+ Kb7 60. g5 hxg5
61. hxg5 Rh8 62. g6 1-0

[Event "51st World Juniors"]
[Site "Athens GRE"]
[Date "2012.08.12"]
[Round "10.31"]
[White "Hernandez Sanchez, Jairo Andres"]
[Black "Soors, Stef"]
[Result "1/2-1/2"]
[WhiteTitle "FM"]
[BlackTitle "FM"]
[WhiteElo "2288"]
[BlackElo "2364"]
[WhiteFideId "4404017"]
[BlackFideId "209511"]
[EventDate "2012.08.02"]

1. e4 c6 2. d4 d5 3. e5 Bf5 4. Nf3 e6 5. Be2 Ne7 6. O-O Nd7 7. Nbd2 Bg6 8. Nb3
Nf5 9. Bd2 h6 10. c4 dxc4 11. Na5 Rb8 12. Nxc4 Bh5 13. Bc3 Nb6 14. Ne3 Nd5 15.
Nxf5 exf5 16. e6 fxe6 17. Ne5 Bxe2 18. Qxe2 Nf4 19. Qf3 g5 20. Bd2 Qd5 21. Bxf4
Qxf3 22. Nxf3 gxf4 23. Rfe1 Ke7 24. d5 cxd5 25. Nd4 Kd7 26. Nxe6 Bb4 27. Re2 f3
28. gxf3 Rbe8 29. Nf4 Rxe2 30. Nxe2 Re8 31. Kf1 Bc5 32. Rd1 Kc6 33. Nf4 d4 34.
Rc1 Kd6 35. Nd3 Bb6 36. Rc2 Kd5 37. Kg2 Re7 38. b3 a5 39. Kf1 Re8 40. Re2 Rxe2
41. Kxe2 Bc7 42. h3 Bd6 43. Kf1 Ke6 44. Ke2 Kf6 45. Ne1 Bb4 46. Ng2 b5 47. Kd3
Bc3 48. Ke2 Ke5 49. Kd3 Kd5 50. Nh4 Ke5 51. Ng2 Kf6 52. Ke2 Kg6 53. Kd3 Kg5 54.
Ke2 Bb4 55. Kd3 Bc3 56. Ke2 Kf6 57. Kd3 Ke5 58. Kc2 Kd5 59. Kd3 Ke5 60. Kc2 Kd5
61. Nf4+ Kd6 62. Nd3 Ke6 63. Kd1 Kd6 1/2-1/2

[Event "51st World Juniors"]
[Site "Athens GRE"]
[Date "2012.08.12"]
[Round "10.32"]
[White "De Filomeno, Simone"]
[Black "Potpara, Nikola"]
[Result "0-1"]
[WhiteTitle "FM"]
[WhiteElo "2358"]
[BlackElo "2201"]
[WhiteFideId "828688"]
[BlackFideId "910058"]
[EventDate "2012.08.02"]

1. e4 c5 2. Nf3 e6 3. d4 cxd4 4. Nxd4 Nc6 5. Nc3 Qc7 6. Be3 Nf6 7. f4 Bb4 8. Nb5
Qa5 9. e5 Nd5 10. Bd2 Nxc3 11. Bxc3 Bxc3+ 12. Nxc3 Qb4 13. Qd2 Qxb2 14. Rb1 Qa3
15. Rb3 Qa5 16. Qd6 Ne7 17. Ra3 Qd8 18. Bd3 O-O 19. O-O Nc6 20. Bxh7+ Kxh7 21.
Ne4 f5 22. exf6 Rxf6 23. Nxf6+ Qxf6 24. Rh3+ Kg8 25. c3 b6 26. f5 Ba6 27. Rf4
exf5 28. Qxf6 gxf6 29. Rxf5 Rf8 30. g4 Ne7 31. Rfh5 Ng6 32. Rh6 Kf7 33. Rh7+ Ke6
34. R3h6 Ne5 35. Rg7 Nf7 36. Rh3 Bc4 37. Re3+ Ne5 38. a3 a5 39. h4 Rh8 40. h5
Kd6 41. Kf2 f5 42. Kg3 Nxg4 43. Ree7 Nf6 0-1

[Event "51st World Juniors"]
[Site "Athens GRE"]
[Date "2012.08.12"]
[Round "10.33"]
[White "Aggelis, Nikolaos"]
[Black "Aghayev, Miragha"]
[Result "1/2-1/2"]
[WhiteTitle "FM"]
[WhiteElo "2352"]
[BlackElo "2187"]
[WhiteFideId "4213220"]
[BlackFideId "818070"]
[EventDate "2012.08.02"]

1. Nf3 Nf6 2. d4 g6 3. Bg5 Bg7 4. Nbd2 d5 5. e3 O-O 6. Bd3 Nbd7 7. O-O c6 8. c4
Re8 9. h3 Qa5 10. Bf4 Nh5 11. Bh2 e5 12. cxd5 cxd5 13. dxe5 Nxe5 14. Nxe5 Bxe5
15. Bxe5 Rxe5 16. Nf3 Re8 17. Qd2 Qxd2 18. Nxd2 Ng7 19. Nb3 Ne6 20. Bb5 Rd8 21.
Rfd1 a6 22. Be2 b6 23. Nd4 Bb7 24. Bg4 Nxd4 25. Rxd4 f5 26. Bd1 Kf7 27. g4 Kf6
28. gxf5 gxf5 29. Bb3 Ke5 30. Rad1 Rac8 31. Rh4 Rg8+ 32. Kf1 Rc7 33. Rhd4 Rd8
34. Ke2 Rd6 35. Kd3 Rh6 36. h4 Rg6 37. Ke2 Rc5 38. R1d2 a5 39. Bc2 Ba6+ 40. Bd3
Bxd3+ 41. R2xd3 h5 42. a4 b5 43. b4 axb4 44. Rxb4 bxa4 45. Rxa4 Rc2+ 46. Kf3 Rc5
47. Rdd4 Rg4 48. Ra8 Rc6 49. Rd8 Rxd4 50. Re8+ Kf6 51. exd4 Rc4 52. Ke3 Rc3+ 53.
Kf4 Rd3 54. Rf8+ Ke6 55. Kg5 Rxd4 56. Rf6+ Ke7 57. Rxf5 Rd1 58. Kf4 Rd4+ 59. Kg3
Rg4+ 60. Kh3 Ke6 61. Rxh5 Rg7 62. Rg5 Rd7 63. Kg2 d4 64. Kf1 d3 65. Ke1 Rf7 66.
Rg2 Rh7 67. Rh2 Rd7 68. Kd2 Kf7 69. Rh3 Rd4 70. h5 Rf4 71. f3 Rd4 72. Rh2 Kg7
73. Ke3 Rd5 74. h6+ Kh7 75. Rd2 Kxh6 76. Rxd3 Ra5 77. Rd4 Kg6 78. Rf4 Ra2 79.
Rf8 Kg7 80. Re8 Kf6 81. Kf4 Ra4+ 82. Kg3 Rb4 83. Rf8+ Kg6 84. f4 Kg7 85. Rf5 Kg6
86. Ra5 Kf6 87. Kg4 Rb1 88. Ra6+ Kf7 89. Kg5 Rb5+ 90. f5 Rb7 91. Rh6 Rb1 92.
Rh7+ Kg8 93. Rd7 Rb6 94. Ra7 Rc6 95. Rb7 Ra6 96. Re7 Kf8 97. Rh7 Kg8 98. Rd7 Rb6
99. Kf4 Rb5 100. Rd6 Kf7 101. Kg5 Rb7 102. Rh6 Rb1 103. Rh7+ Kg8 104. Re7 Kf8
105. Kf6 Ra1 106. Rf7+ Kg8 107. Rd7 Ra6+ 108. Ke7 Kg7 109. Rb7 Rf6 110. Rb5 Ra6
111. Rb7 Rf6 112. Ke8+ Kh6 113. Rf7 Kg5 1/2-1/2

[Event "51st World Juniors"]
[Site "Athens GRE"]
[Date "2012.08.12"]
[Round "10.34"]
[White "Gemy, Jose Daniel"]
[Black "Papasimakopoulos, Alexandros"]
[Result "1/2-1/2"]
[WhiteTitle "FM"]
[WhiteElo "2345"]
[BlackElo "2126"]
[WhiteFideId "3301478"]
[BlackFideId "4244125"]
[EventDate "2012.08.02"]

1. Nf3 f5 2. d3 d6 3. e4 g6 4. Nc3 Bg7 5. d4 Nf6 6. Bd3 fxe4 7. Nxe4 Nxe4 8.
Bxe4 d5 9. Bd3 O-O 10. h3 c5 11. c3 cxd4 12. Nxd4 e5 13. Nc2 Nc6 14. O-O Be6 15.
Be2 Qd7 16. Bg5 h6 17. Bh4 Ne7 18. f3 Nf5 19. Bf2 Rad8 20. Qd3 d4 21. Rfd1 Qf7
22. cxd4 Nxd4 23. Nxd4 exd4 24. Qa3 b6 25. Rd2 Rfe8 26. Bb5 Re7 27. Re1 Rc7 28.
b3 Rc5 29. Bf1 Kh8 30. Qb4 Rcd5 31. Bc4 R5d6 32. Bg3 Rc6 33. Qa4 Rxc4 34. bxc4
Bxc4 35. Qb4 Rd7 36. a4 Kh7 37. Be5 Bf8 38. Qb2 d3 39. Re4 Bc5+ 40. Kh1 a5 41.
Bd4 Ba6 42. Bc3 Bb7 43. Re1 Ba6 44. Re4 Bb7 45. Re5 Bxf3 46. Rxc5 bxc5 47. Qb8
g5 48. Rf2 Qg8 49. Qxg8+ Kxg8 50. gxf3 Kf7 51. Kg2 Ke6 52. Rd2 c4 53. Rb2 Kd5
54. Kf2 Re7 55. Rb5+ Kc6 56. Re5 Rb7 57. Ke3 Rb1 58. Rxa5 Rh1 59. Bb4 Rxh3 60.
Rc5+ Kb6 61. a5+ Kb7 62. Rxc4 h5 63. Kf2 g4 64. fxg4 hxg4 65. Rxg4 Rh6 66. Ke3
Ka6 67. Kxd3 Rc6 68. Rg8 Rh6 69. Bc3 Rh3+ 70. Kc4 Rh6 71. Ra8+ Kb7 72. Rf8 Ka6
73. Ra8+ Kb7 74. Re8 Ka6 75. Kc5 Rg6 76. Be5 Rg1 77. Bc3 Rg5+ 78. Kc6 Rg6+ 79.
Kc7 Rh6 80. Ra8+ Kb5 81. Rb8+ Kc4 82. Kb7 Rh7+ 83. Ka8 Kxc3 84. a6 Kc4 85. a7
Kc5 86. Rg8 Kb6 87. Rg6+ Kc7 1/2-1/2

[Event "51st World Juniors"]
[Site "Athens GRE"]
[Date "2012.08.12"]
[Round "10.35"]
[White "Vasques, Antonio Pedro Freixial"]
[Black "Grandadam, Nicolas"]
[Result "1/2-1/2"]
[BlackTitle "FM"]
[WhiteElo "2214"]
[BlackElo "2333"]
[WhiteFideId "1908332"]
[BlackFideId "681806"]
[EventDate "2012.08.02"]

1. e4 c5 2. Nf3 d6 3. d4 cxd4 4. Nxd4 Nf6 5. Nc3 a6 6. Be3 Ng4 7. Bc1 Nf6 8. h3
Nc6 9. Be3 e6 10. g4 Qc7 11. Bg2 Be7 12. Qe2 Rb8 13. O-O-O Ne5 14. Kb1 Nc4 15.
Bc1 Nd7 16. f4 g5 17. Nf5 gxf4 18. Bxf4 Bf8 19. Rhe1 Nce5 20. Qd2 Nc4 21. Qe2
Nce5 22. Qd2 Nc4 23. Qe2 1/2-1/2

[Event "51st World Juniors"]
[Site "Athens GRE"]
[Date "2012.08.12"]
[Round "10.36"]
[White "Wageih, Kareim"]
[Black "Arat, Ufuk Sezen"]
[Result "0-1"]
[WhiteTitle "IM"]
[WhiteElo "2332"]
[BlackElo "2124"]
[WhiteFideId "10604561"]
[BlackFideId "6309089"]
[EventDate "2012.08.02"]

1. d4 g6 2. c4 Bg7 3. Nc3 Nf6 4. g3 O-O 5. Bg2 c5 6. e3 cxd4 7. exd4 Qc7 8. b3
d5 9. Nxd5 Nxd5 10. Bxd5 e5 11. Ne2 Bh3 12. Bb2 Nc6 13. Qd2 a5 14. Bxc6 bxc6 15.
dxe5 Bxe5 16. O-O-O a4 17. f4 Bxb2+ 18. Kxb2 Qe7 19. Nc3 axb3 20. Qd6 Qxd6 21.
Rxd6 bxa2 22. Ra1 Rfb8+ 23. Kc1 Rb3 24. Kc2 Raa3 25. Nxa2 Bf5+ 26. Kc1 Rf3 27.
Rd2 Bd3 28. Kb2 Bxc4 29. Nc1 Rxa1 30. Kxa1 h5 31. Rc2 Bd5 32. Ne2 Be4 33. Rc3
Rf2 34. Re3 Bd5 35. h4 Kg7 36. Kb1 Kf6 37. Nd4 c5 38. Ne2 Rf3 39. Re5 Bc4 40.
Nc1 Rxg3 41. Rxc5 Be6 42. Kc2 Rf3 43. Ne2 Rf2 44. Kd3 Bg4 45. Nc3 Bf5+ 46. Ke3
Rh2 47. Nd5+ Kg7 48. Ne7 Bg4 49. Kd3 Rh3+ 50. Kd4 Rxh4 51. Ke5 Rh2 52. f5 Re2+
53. Kd6 gxf5 54. Nxf5+ Bxf5 55. Rxf5 Kg6 56. Rf1 f5 57. Rg1+ Kf6 58. Rh1 Rd2+
59. Kc5 Kg5 60. Rg1+ Kf4 61. Rh1 Kg3 62. Rxh5 f4 63. Rg5+ Kf2 64. Kc4 f3 65. Kc3
Rd8 66. Rf5 Ke2 67. Re5+ Kf1 68. Rf5 f2 69. Kc2 Rg8 70. Kd2 Kg2 0-1

[Event "51st World Juniors"]
[Site "Athens GRE"]
[Date "2012.08.12"]
[Round "10.37"]
[White "Liodakis, Konstantinos-Spyros"]
[Black "Ivekovic, Zvonimir"]
[Result "0-1"]
[WhiteElo "2130"]
[BlackElo "2320"]
[WhiteFideId "4217136"]
[BlackFideId "14511320"]
[EventDate "2012.08.02"]

1. Nf3 c5 2. g3 Nc6 3. Bg2 d5 4. d4 Nf6 5. O-O e6 6. c4 dxc4 7. Qa4 Qa5 8. Qxc4
cxd4 9. Rd1 Bc5 10. Nbd2 Qb4 11. Qxb4 Bxb4 12. Nc4 Bc5 13. Bf4 O-O 14. Nce5 Bd7
15. Rac1 Bb6 16. Nc4 Nd5 17. Nxb6 axb6 18. a3 Nxf4 19. gxf4 Ra4 20. Ne5 Nxe5 21.
fxe5 Bb5 22. Rd2 f6 23. exf6 gxf6 24. Bxb7 Ra7 25. Bf3 Rd8 26. Rdc2 Rg7+ 27. Kh1
f5 28. Rc8 Rd7 29. Rxd8+ Rxd8 30. Rc7 e5 31. e4 fxe4 32. Bxe4 d3 33. Bf3 Ba4 34.
Rc4 b5 35. Rc5 d2 36. Rxe5 d1=Q+ 37. Bxd1 Rxd1+ 38. Kg2 Rb1 39. Re2 Bb3 40. Kg3
Kf7 41. Kf4 Kf6 42. Ke4 Rd1 43. Kf4 h5 44. f3 Bd5 45. Ke3 Kf5 46. Rc2 Bc4 47.
Rc3 Rb1 48. a4 Rxb2 49. axb5 Rb3 50. Rxb3 Bxb3 51. Kf2 Kf4 52. Kg2 Be6 53. Kf2
Bd5 54. Kg2 Bxf3+ 55. Kh3 Kg5 56. b6 Bb7 57. Kg3 Bc8 58. Kf3 h4 59. Kf2 Kg4 60.
Kg1 Kh3 0-1

[Event "51st World Juniors"]
[Site "Athens GRE"]
[Date "2012.08.12"]
[Round "10.38"]
[White "Zeppos, Panagiotis"]
[Black "Codenotti, Marco"]
[Result "0-1"]
[BlackTitle "FM"]
[WhiteElo "1978"]
[BlackElo "2314"]
[WhiteFideId "4228383"]
[BlackFideId "800015"]
[EventDate "2012.08.02"]

1. Nf3 Nf6 2. c4 b6 3. g3 Bb7 4. Bg2 e6 5. O-O Be7 6. Nc3 Ne4 7. Nxe4 Bxe4 8. d4
O-O 9. Bf4 f5 10. Rc1 d6 11. c5 bxc5 12. dxc5 e5 13. Be3 Kh8 14. Nd2 Bxg2 15.
Kxg2 d5 16. f4 d4 17. Bf2 e4 18. Nb3 e3 19. Be1 Nc6 20. Qd3 Qd5+ 21. Kg1 a5 22.
Qc4 Qe4 23. Rd1 Rfd8 24. Nc1 d3 25. Qxe4 fxe4 26. exd3 Nd4 0-1

[Event "51st World Juniors"]
[Site "Athens GRE"]
[Date "2012.08.12"]
[Round "10.39"]
[White "Ashiku, Franc"]
[Black "Valsecchi, Alessio"]
[Result "1-0"]
[BlackTitle "IM"]
[WhiteElo "2152"]
[BlackElo "2427"]
[WhiteFideId "4700066"]
[BlackFideId "818860"]
[EventDate "2012.08.02"]

1. e4 c5 2. Nf3 d6 3. Nc3 Nf6 4. d4 cxd4 5. Qxd4 a6 6. e5 Nc6 7. Qa4 dxe5 8.
Nxe5 Bd7 9. Nxd7 Nxd7 10. Be3 e6 11. O-O-O Be7 12. Bd3 Qc7 13. f4 O-O 14. Qe4
Nf6 15. Qf3 Rac8 16. Rhf1 b5 17. Kb1 Nb4 18. Rf2 Rfd8 19. Bc1 Qb6 20. Re2 Rxc3
21. bxc3 Nbd5 22. Bb2 b4 23. cxb4 Qxb4 24. Ka1 Qa4 25. Rc1 Nxf4 26. Rf2 N4d5 27.
c4 Nb4 28. Bb1 Bc5 29. Re2 Bf8 30. Qb3 Qxb3 31. axb3 Nd7 32. Rd1 Nc5 33. Bxh7+
Kxh7 34. Rxd8 Nxb3+ 35. Kb1 Bc5 36. Bc3 a5 37. Rb2 a4 38. Rxb3 axb3 39. Bxb4
Bxb4 40. Rb8 Bd6 41. Rxb3 Kg6 42. h3 Kf6 43. Kc2 e5 44. Kd3 Ke6 45. Rb6 1-0

[Event "51st World Juniors"]
[Site "Athens GRE"]
[Date "2012.08.12"]
[Round "10.40"]
[White "Naoum, Spyridon"]
[Black "Dimitrov, Radoslav"]
[Result "0-1"]
[BlackTitle "IM"]
[WhiteElo "2146"]
[BlackElo "2424"]
[WhiteFideId "4227506"]
[BlackFideId "2908549"]
[EventDate "2012.08.02"]

1. d4 d5 2. c4 c6 3. Nf3 Nf6 4. Nc3 a6 5. a4 e6 6. g3 Bb4 7. Bg2 Ne4 8. Qc2 Qa5
9. Bd2 Nxd2 10. Nxd2 Qd8 11. O-O O-O 12. Rad1 f5 13. f4 Nd7 14. Nf3 Nf6 15. Ne5
Bd7 16. Qb3 Qb6 17. Na2 Bc5 18. Qxb6 Bxb6 19. c5 Bc7 20. Nxd7 Nxd7 21. b4 b6 22.
Rb1 a5 23. b5 bxc5 24. bxc6 Nb8 25. dxc5 Nxc6 26. Rb7 Rfc8 27. Nc3 Nb4 28. Nb5
Bd8 29. Nd4 Ra6 30. c6 Bb6 31. Rxb6 Rxb6 32. Nxe6 Rbxc6 33. Nd4 Rf6 34. Rd1 g6
35. Nb3 Rc3 36. Rb1 Kg7 37. Nxa5 Rb6 38. Nb3 Na6 39. Bxd5 Nc7 40. a5 Rb4 0-1

[Event "51st World Juniors"]
[Site "Athens GRE"]
[Date "2012.08.12"]
[Round "10.41"]
[White "Velten, Paul"]
[Black "Larmuseau, Maarten"]
[Result "0-1"]
[WhiteTitle "FM"]
[WhiteElo "2366"]
[BlackElo "2245"]
[WhiteFideId "681091"]
[BlackFideId "209988"]
[EventDate "2012.08.02"]

1. Nf3 Nf6 2. g3 e6 3. Bg2 c5 4. O-O d5 5. d4 cxd4 6. Nxd4 e5 7. Nb3 Nc6 8. Bg5
Be6 9. Nc3 d4 10. Ne4 Bxb3 11. axb3 Be7 12. Bxf6 Bxf6 13. b4 Qb6 14. b5 Nd8 15.
c4 Be7 16. Qa4 f5 17. Nd2 e4 18. b4 O-O 19. c5 Qe6 20. Qb3 Bg5 21. Rfd1 Bxd2 22.
Qxe6+ Nxe6 23. Rxd2 b6 24. f3 e3 25. Rc2 f4 26. Bh3 Ng5 27. Bd7 d3 28. exd3
Nxf3+ 29. Kg2 Nd4 30. Rc4 f3+ 31. Kh3 f2 32. Bg4 e2 33. Bxe2 Nxe2 34. Kg2 Rad8
35. Rc2 Nd4 36. Rxf2 Nxb5 37. Rxf8+ Kxf8 38. Rf1+ Ke7 39. Re1+ Kf6 40. Rf1+ Kg6
41. Re1 bxc5 42. bxc5 Rxd3 43. Rb1 Nd4 44. Ra1 Rd2+ 45. Kh3 Nf3 46. Rxa7 Rxh2+
47. Kg4 Ne5+ 0-1